Greetings in different languages - Statistics

General Stats
  • This quiz has been taken 21 times
  • The average score is 14 of 30
Answer Stats
Word Language % Correct
Bonjour French
100%
Ciao Italian
100%
Hola Spanish
100%
Konnichiwa Japanese
89%
Olá Portuguese
83%
Nǐ hǎo Chinese
78%
Hallo German
78%
Namaste Hindi
72%
Annyeonghaseyo Korean
72%
Privyet Russian
56%
Xin chào Vietnamese
56%
Merhaba Turkish
50%
Marhaban Arabic
44%
Hej Swedish
39%
Pryvit Ukrainian
39%
Cześć Polish
33%
Bună ziua Romanian
33%
Zdravo Serbian
33%
Salve Latin
22%
Selamat tengah Malay
22%
Salām Persian
22%
Mabuhay Tagalog
22%
Ahoj Czech
17%
Saluton Esperanto
17%
Geiá sou Greek
17%
Habari Swahili
17%
S̄wạs̄dī Thai
17%
Zdraveĭte Bulgarian
11%
Tere Estonian
6%
Moi Finnish
6%
No matching quizzes found
Score Distribution
Percent of People with Each Score
Percentile by Number Answered
Your Score History
You have not taken this quiz